African Animals - Statistics

General Stats
  • This quiz has been taken 134 times
  • The average score is 18 of 31
Answer Stats
Hint Answer % Correct
The largest land animal Elephant
99%
King of the jungle Lion
97%
Fastest land animal Cheetah
96%
Has a long neck Giraffe
96%
Lazy in water, but fast Hippopotamus
95%
Striped like a barcode Zebra
95%
Spotted predator that can climb trees Leopard
94%
Has an eerie laugh Hyena
90%
Thick-skinned and has a horn of keratin Rhinoceros
87%
Largest bird in the world Ostrich
82%
Pumbaa in "The Lion King" Warthog
81%
Central African large primate, entirely black Gorilla
73%
Patient predator found in rivers and marshes Crocodile
69%
A primate with a dog-like snout Baboon
65%
Kalahari two-legged mongoose Meerkat
60%
A lethal bovine with two large back-curving horns African Buffalo
57%
Congolese "zebra-giraffe hybrid" with zebra legs Okapi
43%
Highly intelligent bird that can mimic human speech African Grey Parrot
42%
Bird that stomps snakes Secretary Bird
40%
A fox- or wolf-like canine Jackal
38%
The master of disguise Chameleon
35%
Antelope with a reddish-brown coat and white-black markings Impala
35%
A canine with painted fur African Wild Dog
32%
A termite's worst nightmare Aardvark
31%
A wildcat with a long vertical leap Serval
30%
Rolls into a ball when threatened Pangolin
27%
National animal of South Africa Springbok
27%
This cat-like creature makes a rare coffee from digested beans Civet
19%
Antelope with twisting horns and a striped body Kudu
18%
Antelope with a brown head and spiraling horns Addax
6%
Monkey with a black face and grey body Vervet Monkey
6%
No matching quizzes found
Score Distribution
Percent of People with Each Score
Percentile by Number Answered
Your Score History
You have not taken this quiz